00613nam a2200193 450000500170000001000150001702000260003203500140005803700090007208200140008110000140009524501040010925000060021326000410021927000740026030000200033470000330035470000320038720251124154558.0 aENG-147133 c550.00a9788195280032 aEN-130665 bDBAD a595.4421 aKale, G.B aAn Introduction to the Spiders of Buldana/cG.B Kale; Milind V. Shirbhate [and] Amrita M. Shirbhate a1 aBuldanabBeej Prakahsna Griha c2022 aRokdiya Nagar, ShegaonbBuldanae444203mbeejprakashangriha@gmail.com a139p.c23cm(pb) aMilind V. Shirbhate eAuthor aAmrita M. ShirbhateeAuthor